000 00842na a2200277 4500
001 15925
003 MIRAKIL
005 20181213154805.0
008 160927b tu 000 0
020 _a9789759961794
040 _aMilas
_btur
_cTR-AnCHP
082 _a361
_bK76 2007
090 _a361 K76 2007
245 _aKör Nokta
_bGelecek senoryalarını öngörmek
_cEditör Francis Fukuyama ; çeviri Hasan Kaya
246 _aGelecek senoryalarını öngörmek
260 _aİstanbul
_bProfil Yayıncılık
_c2010
300 _a278 s.
_c21 sm.
490 _aİnceleme-Araştırma
_v13
490 _aProfil
_v127
500 _aDizin var.
650 _aToplumsal sorunlar
_xYorum ve eleştiri
650 _aSiyasi sorunlar
_xYorum ve eleştiri
700 _aKaya, Hasan
700 _aFukuyama, Francis
_d1952-
942 _2ddc
_cBKS
999 _c884
_d884